000 00502nam a22001697a 4500
003 PILC
005 20150112093445.0
008 130304t xxu||||| |||| 00| 0 eng d
020 _a9712329755
050 _aKF 5625.2
_b.T693 2000
082 _aFil 346.599
_bT63 2000
100 _aTorres, Jr. Justo P.
_921809
245 _aObligations and contracts :
_cJusto P. Torres, Jr.
_bwith introduction to law /
260 _aManila
_bRex Bookstore
_c2000.
300 _a355 pages :
_c21cm.
942 _2lcc
_cBK
999 _c14870
_d14870